Les principaux personnages du sacre de Napoléon par David - Statistiques

Statistiques générales
  • Ce quiz a été pris 60 fois
  • Le résultat moyen est 6 sur 16
Statistiques - réponses
Par images Hint Réponse % Correct
Au centre debout {Napoléon} {Bonaparte}
98%
Au centre Joachim {Murat}
74%
Le plus à gauche Joseph {Bonaparte}
74%
Le plus à gauche Louis {Bonaparte}
74%
L'enfant à gauche Napoléon Louis Charles {Bonaparte}
74%
Au centre assis Pape {Pie VII}
63%
Avec le manteau rouge Charles-Maurice de {Talleyrand-Périgord}
35%
La plus à gauche Caroline {Murat} {Bonaparte}
19%
De dos au centre Jean-Jacques-Régis de {Cambacérès}
17%
Au milieu assis Louis-Alexandre {Berthier}
15%
Assise au centre Maria-Letizia {Bonaparte} {Ramolino}
11%
De dos à gauche Charles-François {Lebrun}
7%
La plus à gauche Hortense {Bonaparte} {de Beauharnais}
6%
A genoux Joséphine {Bonaparte} {de Beauharnais}
6%
La plus à gauche Pauline {Borghèse} {Bonaparte}
6%
La plus à gauche Elisa {Baciocchi} {Bonaparte}
2%
Aucun quiz correspondant
Distribution des résultats
% des personnes avec chaque résultat
Percentile par nombre de réponses
Votre historique - résultats
Vous n’avez pas pris ce quiz